[Event "Karshi op 3rd"]
[Site "Karshi"]
[Date "2025.05.05"]
[Round "1"]
[White "Abdullaev, Mukhammadrakhim"]
[Black "Alekseev, Evgeny V"]
[Result "0-1"]
[WhiteElo "2092"]
[BlackElo "2516"]
[PlyCount "65"]
[EventDate "2025.05.05"]
[EventType "swiss"]
[EventRounds "9"]
[EventCountry "UZB"]
[SourceTitle "CB20_2025"]
[SourceDate "2025.05.14"]
[SourceVersion "1"]
[SourceVersionDate "2025.05.14"]
[SourceQuality "1"]

1. d4 Nf6 2. c4 e6 3. Nf3 d5 4. g3 Bb4+ 5. Bd2 Be7 6. Bg2 0-0 7. 0-0 c6 8. Qc2 Nbd7 9. Bf4 Ne4 10. Nc3 g5 11. cxd5 exd5 12. Be3 Nd6 13. b3 Re8 14. Bc1 Nf8 15. Bb2 Bf5 16. Qc1 Ng6 17. Ne5 Bf6 18. e4 dxe4 19. Nxg6 Bxg6 20. d5 c5 21. Re1 Rc8 22. Qd2 Bd4 23. Rad1 Qf6 24. Rc1 Rcd8 25. Nd1 b6 26. b4 Nb7 27. a3 Kh8 28. Rc4 Bxb2 29. Nxb2 Qe5 30. Rcxe4 Bxe4 31. Rxe4 Qf6 32. Rxe8+ Rxe8 33. Nd3 0-1

[Event "UZB-ch"]
[Site "Qiziltepa"]
[Date "2025.04.20"]
[Round "1.2"]
[White "Vokhidov, Shamsiddin"]
[Black "Abdullaev, Mukhammadrakhim"]
[Result "1-0"]
[WhiteElo "2648"]
[BlackElo "1891"]
[PlyCount "71"]
[EventDate "2025.04.19"]
[EventType "k.o."]
[EventRounds "4"]
[EventCountry "UZB"]
[SourceTitle "CB18_2025"]
[SourceDate "2025.04.30"]
[SourceVersion "1"]
[SourceVersionDate "2025.04.30"]
[SourceQuality "1"]

1. c4 e6 2. g3 d5 3. Bg2 c6 4. Nf3 Nf6 5. 0-0 Bd6 6. d4 h6 7. Nc3 0-0 8. Nd2 e5 9. cxd5 exd4 10. Nce4 Nxd5 11. Nb3 Be5 12. Nxd4 Bg4 13. h3 Bh5 14. Nf3 Nd7 15. Nxe5 Nxe5 16. b3 f5 17. Nc5 Re8 18. Bb2 f4 19. g4 Bf7 20. Nxb7 Qe7 21. Na5 Qc5 22. Qd2 Qb6 23. Bxe5 Rxe5 24. Nc4 Qc7 25. Nxe5 Qxe5 26. Rac1 f3 27. Bxf3 Nf4 28. e3 Nxh3+ 29. Kg2 Ng5 30. Bxc6 Qe6 31. Qd7 Qf6 32. Bxa8 Ne6 33. Rc8+ Kh7 34. Be4+ g6 35. Bd5 Qg7 36. Bxe6 1-0